Угадай песню по первой строчке - Statistics

General Stats
  • This quiz has been taken 75 times
  • The average score is 21 of 100
Answer Stats
Текст Песня % Correct
Расцветали яблони и груши... «Катюша»
98%
На недельку до второго... «Комарово»
86%
Забирай меня скорей, увози за сто морей... «18 мне уже»
79%
Я так привыкла жить одним тобой, одним тобой... «Знаешь ли ты»
67%
В юном месяце апреле… «Крылатые качели»
65%
Уютное кафе на улицах сплетённой мебелью... «Прованс»
63%
Водил меня Серёга на выставку Ван Гога... «Экспонат»
54%
Белый снег, серый лёд... «Звезда по имени Солнце»
51%
Земля в иллюминаторе... «Трава у дома»
51%
Большие города, пустые поезда... «Полковнику никто не пишет»
51%
Тёмный, мрачный коридор... «Кукла Колдуна»
49%
Не позвонила, не открыла и не звала... «Мой мармеладный»
49%
Hемного теплее за стеклом, но злые моpозы... «Белые розы»
47%
Я даю тебе слово, что домой не водила никого... «Татарин»
46%
Весь покрытый зеленью, абсолютно весь... «Остров невезения»
44%
Нет, я не буду говорить, что я все готов простить... «Ночь»
42%
Ты снимаешь вечернее платье, стоя лицом к стене... «Крылья»
39%
На асфальте мелом ты рисуешь лето... «Тополиный пух»
37%
На твоих диванах сходим с ума мы... «Мама Люба»
37%
Скорый поезд к дому мчится... «Демобилизация»
32%
Где ж ты, мой свет, бродишь, голову склоня... «Ясный мой свет»
32%
Мы с тобою звездопад... «Медуза»
32%
Мне надоело петь про эту заграницу... «Бухгалтер»
30%
Вчерашний вечер из подворотни, на всё согласен... «До скорой встречи»
30%
Весна опять пришла, и лучики тепла... «Владимирский централ»
28%
Я вообще делаю, что хочу... «За деньги да»
28%
Делай вопреки, делай от руки... «Сансара»
28%
Жил-был художник один, домик имел и холсты... «Миллион алых роз»
26%
Этот парень был из тех, кто просто любит жизнь... «Беспечный ангел»
26%
Ты любишь пачки, лак, и тушь... «Мулен Руж»
26%
Ночь и тишина, данная навек... «Город, которого нет»
26%
Я стараюсь никого не обижать и быть хорошим... «Люди»
26%
С гранатою в кармане, с чекою в руке... «Владивосток 2000»
25%
Снова от меня ветер злых перемен тебя уносит... «Позови меня с собой»
23%
Тёплое место, но улицы ждут... «Группа крови»
23%
Стёрся в памяти адрес и номер с тех пор... «Это было в России»
23%
Когда закончатся полёты первых ласточек... «Салют, Вера!»
21%
За то, что только раз в году бывает май... «Этот мир»
21%
Ты не играла в Барби и Денди... «Девушки бывают разные»
21%
Я не могу дышать, мне не видно неба... «Отпускаю»
19%
Ты меня не понял, помнишь, на перроне... «Перелетная птица»
19%
Ночь по улицам пошла... «Рюмка водки на столе»
19%
Я сижу и смотрю в чужое небо из чужого окна... «Пачка сигарет»
19%
Все таблетки подъедены... «Орбит без сахара»
18%
Сколько лет прошло, всё о том же гудят провода... «Выхода нет»
18%
Глеб Жеглов и Володя Шарапов... «Атас»
16%
А на войне, как на войне... «Комбат»
16%
Пока кто-то там шёпотом где-то там дисит... «Вокруг шум»
16%
Серыми тучами небо затянуто... «Давай за...»
16%
По острым иглам яркого огня... «Арлекино»
16%
Оглянись, незнакомый прохожий... «Как молоды мы были»
16%
Под гнётом свинцового купола... «Урбан»
16%
Снова одна ночью без сна... «Мой ненаглядный»
16%
Год новый наступил, кушать стало нечего... «Два кусочека колбаски»
14%
Третьи сутки в пути... «Солдат»
14%
Я заливаю глаза керосином... «Смерти больше нет»
12%
Вороны-москвички меня разбудили... «Ариведерчи»
12%
Год за годом растут большие города... «Привет с большого бодуна»
12%
Было хорошо, было так легко... «Туман»
12%
Границы ключ переломлен пополам... «Всё идёт по плану»
12%
Не думай о секундах свысока... «Мгновения»
11%
Я смотрю на тебя, в телевизоре ты, а я на диване... «Ума Турман»
11%
В самый полный штиль, и в самый сильный ураган... «Любите, девушки»
11%
Мне обещали, что всё наладится... «Знак Водолея»
11%
Одинокий странник потерял свою дорогу... «Медина»
11%
Пластмассовый мир победил, макет оказался сильней... «Моя оборона»
9%
Жил на свете гитарист Витюша... «Ксюша»
9%
За тобой не закрывая дверь, я живу уже который год... «Опять метель»
9%
По просёлочной дороге шёл я молча... «Свадьба»
9%
В этом мире я — гость непрошенный... «Это здорово»
9%
Полночь уже, и почти никого... «Невеста»
7%
Звёзды поднимаются выше... «Зимний сон»
7%
Мы себе давали слово, не сходить с пути прямого... «Поворот»
7%
Море вернулось говором чаек... «Синяя вечность»
5%
По зелёной глади моря, по равнине океана... «Море»
5%
Я в глаза твои, как в зеркало смотрюсь... «Любовь похожая на сон»
5%
Пусть голова моя седа, зимы мне нечего пугаться... «Мои года»
5%
Синее море, только море за кормой... «Там, за туманами»
5%
Горячее солнце, горячий песок... «Три колодца»
5%
Боже, сколько лет я иду, но не сделал и шаг... «Родина»
5%
Никто ничего никогда не поймёт... «Робот»
5%
Спину ломит, голова болит... «Гандбол»
4%
Все мы герои фильмов про войну... «Никого не жалко»
4%
Как грустно и очень обычно все вышло... «Варвара»
4%
Свет твоего окна для меня погас... «Осень»
4%
День может разбиться, как стекло... «Было, но прошло»
2%
Я сижу на балконе, листаю журнал... «Какао»
2%
В зимнем парке тополя так грустны... «Чёртово колесо»
2%
В старом парке пахнет хвойной тишиной... | Полночь бьёт. Сердце ждёт... «Натали»
2%
Ты уйдешь, за собой дверь закроешь... «Птица»
2%
Иногда о любви забываю... «Зеркало»
2%
В твоих красных глазах не было льда... «Нежность»
0%
Ветер босоногий, чувства через край... «Про лето»
0%
Когда зимой холодною в крещенские морозы... «В платье белом»
0%
Не ищи меня, не зови любя... «Облака»
0%
Этот город застрял во вранье... «Место, где свет»
0%
За лавиной лавина... «Самая»
0%
Мокрый асфальт, серое лицо... «Москва любит...»
0%
Звенела ранняя весна... «Чуть-чуть не считается»
0%
No matching quizzes found
Score Distribution
Percent of People with Each Score
Percentile by Number Answered
Your Score History
You have not taken this quiz